Η μάνα

Αποθηκεύτηκε σε:
Λεπτομέρειες βιβλιογραφικής εγγραφής
Κύριος συγγραφέας: Buck, Pearl S. (Pearl Sydenstricker), 1892-1973
Άλλοι συγγραφείς: Κυριαζής, Κώστας Δ., 1920-1991 (Μεταφραστής)
Μορφή: Βιβλίο
Γλώσσα:Greek
English
Δημοσίευση: Αθήνα : Σμυρνιωτής, [19--].
Σειρά:Τα Νόμπελ - Παγκόσμια λογοτεχνία
Θέματα:
Ετικέτες: Προσθήκη ετικέτας
Δεν υπάρχουν, Καταχωρήστε ετικέτα πρώτοι!

MARC

LEADER 00000cam a2200000 i 4500
001 1/87902
008 080605q19501960gr | ||| |||| ||gre||
035 |l 10097983 
040 |a GR-MY-UA  |b gre  |e aacr 
041 1 |a gre  |h eng 
082 7 |a 813.52   |2 (22) 
100 1 |a Buck, Pearl S.   |q (Pearl Sydenstricker),   |d 1892-1973. 
245 1 2 |a Η μάνα /   |c Περλ Μπακ ; μετάφραση: Κώστας Κυριαζής.  
260 |a Αθήνα :   |b Σμυρνιωτής,   |c [19--].  
300 |a 238 σ. ;   |c 22 εκ. 
490 1 |a (Τα Νόμπελ - Παγκόσμια λογοτεχνία) 
500 |a Τίτλος πρωτοτύπου: The mother.  
650 0 0 |a Mothers  |x Fiction. 
650 0 0 |a Communism  |x Fiction. 
650 0 0 |a American fiction  |y 20th century. 
700 1 |a Κυριαζής, Κώστας Δ.,   |d 1920-1991,  |e trl 
830 0 |a Τα Νόμπελ - Παγκόσμια λογοτεχνία 
852 |a INST  |b RHODES  |c AKA  |e 20080605  |h  813.52 BUC  |p 005400029023  |q 005400029023  |t BK  |y 0 
901 |a BIBL4-2008-2 
909 |a Ρ  |b 150505 
970 |a ΚΟΖΑ  |b ΜΑΡΙΑ  |z 2008/06/05